Les Mouvements populaires et la tache sciences sociales dans le future de l' Amerique Latine
Αποθηκεύτηκε σε:
| Κύριος συγγραφέας: | |
|---|---|
| Μορφή: | Κείμενο |
| Έκδοση: |
San José:
FLACSO
|
| Ετικέτες: |
Προσθήκη ετικέτας
Δεν υπάρχουν, Καταχωρήστε ετικέτα πρώτοι!
|
MARC
| LEADER | 00000 a a2200000 04500 | ||
|---|---|---|---|
| 001 | 25579 | ||
| 003 | |||
| 040 | |||
| 090 | |a 170000 | ||
| 100 | |a Camacho Monge, Daniel | ||
| 245 | |a Les Mouvements populaires et la tache sciences sociales dans le future de l' Amerique Latine | ||
| 260 | |a San José: |b FLACSO | ||
| 300 | |a 29 p | ||
| 999 | |c 15801 |d 15801 | ||
